<?xml version="1.0" encoding="UTF-8"?><record xmlns="http://www.loc.gov/MARC21/slim" xmlns:zs="http://docs.oasis-open.org/ns/search-ws/sruResponse">
  <leader>01374cim a2200349 a 4500</leader>
  <controlfield tag="001">5628462</controlfield>
  <controlfield tag="005">20250607223201.4</controlfield>
  <controlfield tag="007">ssulunjlcnnnu</controlfield>
  <controlfield tag="008">911018p19881987ilunnn         l    eng  </controlfield>
  <datafield ind1=" " ind2=" " tag="035">
    <subfield code="a">5628462</subfield>
  </datafield>
  <datafield ind1=" " ind2=" " tag="906">
    <subfield code="a">7</subfield>
    <subfield code="b">cbc</subfield>
    <subfield code="c">orignew</subfield>
    <subfield code="d">2</subfield>
    <subfield code="e">ncip</subfield>
    <subfield code="f">19</subfield>
    <subfield code="g">y-genmusic</subfield>
  </datafield>
  <datafield ind1=" " ind2=" " tag="010">
    <subfield code="a">   91740817 </subfield>
  </datafield>
  <datafield ind1="0" ind2="2" tag="028">
    <subfield code="a">8802-0117</subfield>
    <subfield code="b">Wheaton College</subfield>
  </datafield>
  <datafield ind1="0" ind2=" " tag="033">
    <subfield code="a">19871119</subfield>
  </datafield>
  <datafield ind1=" " ind2=" " tag="035">
    <subfield code="9">(DLC)   91740817</subfield>
  </datafield>
  <datafield ind1=" " ind2=" " tag="040">
    <subfield code="a">DLC</subfield>
    <subfield code="c">DLC</subfield>
    <subfield code="d">DLC</subfield>
  </datafield>
  <datafield ind1=" " ind2=" " tag="043">
    <subfield code="a">e-ur---</subfield>
  </datafield>
  <datafield ind1="1" ind2="0" tag="050">
    <subfield code="a">DK288</subfield>
  </datafield>
  <datafield ind1="0" ind2="0" tag="050">
    <subfield code="a">RYB 2104</subfield>
  </datafield>
  <datafield ind1="1" ind2=" " tag="100">
    <subfield code="a">Elliott, Mark R.,</subfield>
    <subfield code="d">1947-</subfield>
  </datafield>
  <datafield ind1="1" ind2="0" tag="245">
    <subfield code="a">Glasnost and the Soviet church</subfield>
    <subfield code="h">[sound recording] /</subfield>
    <subfield code="c">Mark Elliott.</subfield>
  </datafield>
  <datafield ind1=" " ind2=" " tag="260">
    <subfield code="a">Wheaton, IL :</subfield>
    <subfield code="b">Wheaton College,</subfield>
    <subfield code="c">c1988.</subfield>
  </datafield>
  <datafield ind1=" " ind2=" " tag="300">
    <subfield code="a">1 sound cassette :</subfield>
    <subfield code="b">analog.</subfield>
  </datafield>
  <datafield ind1=" " ind2=" " tag="518">
    <subfield code="a">Recorded Nov. 19, 1987, at a Soviet briefing breakfast.</subfield>
  </datafield>
  <datafield ind1=" " ind2=" " tag="520">
    <subfield code="a">Mark Elliott speaks on developments in the Soviet Union under glasnost and the leadership of Mikhail Gorbachev. Focuses on economic reform, church-state relations, and glasnost's influence on religious freedom, the media, and cultural life. Concludes with comments by Victor Hamm.</subfield>
  </datafield>
  <datafield ind1=" " ind2="0" tag="650">
    <subfield code="a">Glasnost.</subfield>
  </datafield>
  <datafield ind1=" " ind2="0" tag="651">
    <subfield code="a">Soviet Union</subfield>
    <subfield code="x">Politics and government</subfield>
    <subfield code="y">1985-1991.</subfield>
  </datafield>
  <datafield ind1=" " ind2="0" tag="651">
    <subfield code="a">Soviet Union</subfield>
    <subfield code="x">Social life and customs</subfield>
    <subfield code="y">1970-1991.</subfield>
  </datafield>
  <datafield ind1=" " ind2="0" tag="651">
    <subfield code="a">Soviet Union</subfield>
    <subfield code="x">Economic conditions</subfield>
    <subfield code="y">1985-1991.</subfield>
  </datafield>
  <datafield ind1="1" ind2=" " tag="700">
    <subfield code="a">Hamm, Victor.</subfield>
  </datafield>
  <datafield ind1=" " ind2=" " tag="953">
    <subfield code="a">TA28</subfield>
  </datafield>
  <datafield ind1=" " ind2=" " tag="991">
    <subfield code="b">c-RecSound</subfield>
    <subfield code="h">RYB 2104</subfield>
    <subfield code="w">MUSIC</subfield>
  </datafield>
</record>
